Welcome To E-JUST Library

Museums in A Troubled World : (Record no. 7187)

MARC details
000 -LEADER
fixed length control field 01201cam a2200361 a 4500
003 - CONTROL NUMBER IDENTIFIER
control field EG-NbEJU
005 - DATE AND TIME OF LATEST TRANSACTION
control field 20250320203434.0
008 - FIXED-LENGTH DATA ELEMENTS--GENERAL INFORMATION
fixed length control field 081124s2009 enka b 001 0 eng
010 ## - LIBRARY OF CONGRESS CONTROL NUMBER
LC control number 2008049311
015 ## - NATIONAL BIBLIOGRAPHY NUMBER
National bibliography number GBA917327
Source bnb
016 7# - NATIONAL BIBLIOGRAPHIC AGENCY CONTROL NUMBER
Record control number 014909014
Source Uk
020 ## - INTERNATIONAL STANDARD BOOK NUMBER
International Standard Book Number 9780415463003 (hardback : alk. paper)
020 ## - INTERNATIONAL STANDARD BOOK NUMBER
International Standard Book Number 0415463009 (hardback : alk. paper)
020 ## - INTERNATIONAL STANDARD BOOK NUMBER
International Standard Book Number 9780415463010 (pbk. : alk. paper)
020 ## - INTERNATIONAL STANDARD BOOK NUMBER
International Standard Book Number 0415463017 (pbk. : alk. paper)
020 ## - INTERNATIONAL STANDARD BOOK NUMBER
International Standard Book Number 9780203877456 (ebook)
020 ## - INTERNATIONAL STANDARD BOOK NUMBER
International Standard Book Number 0203877454 (ebook)
035 ## - SYSTEM CONTROL NUMBER
System control number (OCoLC)ocn244057261
040 ## - CATALOGING SOURCE
Original cataloging agency DLC
Transcribing agency DLC
Modifying agency DLC
Language of cataloging eng
041 ## - LANGUAGE CODE
Language code of text/sound track or separate title eng
050 00 - LIBRARY OF CONGRESS CALL NUMBER
Classification number AM7
Item number .J36 2009
100 1# - MAIN ENTRY--PERSONAL NAME
Personal name Janes , Robert R. ,
Dates associated with a name 1948 -
245 10 - TITLE STATEMENT
Title Museums in A Troubled World :
Remainder of title Renewal , Irrelevance Or Collapse? /
Statement of responsibility, etc. Robert R. Janes
260 ## - PUBLICATION, DISTRIBUTION, ETC.
Place of publication, distribution, etc. London ;
-- New York :
Name of publisher, distributor, etc. Routledge ,
Date of publication, distribution, etc. 2009
300 ## - PHYSICAL DESCRIPTION
Extent xvi, 208 Pages :
Other physical details Illustrations ;
Dimensions 26 cm
490 ## - SERIES STATEMENT
Series statement Museum Meanings
504 ## - BIBLIOGRAPHY, ETC. NOTE
Bibliography, etc. note Includes bibliographical references (Pages 186-203) and index
650 #0 - SUBJECT ADDED ENTRY--TOPICAL TERM
Topical term or geographic name entry element Museums
General subdivision Social Aspects
650 #0 - SUBJECT ADDED ENTRY--TOPICAL TERM
Topical term or geographic name entry element Museums
General subdivision Philosophy
901 ## - Cataloger information
Cataloger Name Kholoud
902 ## - PDF File name
PDF File name EJUST_11032025_ (25)
-- EJUST_1703_ (16)
942 ## - ADDED ENTRY ELEMENTS (KOHA)
Source of classification or shelving scheme Library of Congress Classification
Suppress in OPAC No
Koha item type Books
Holdings
Withdrawn status Lost status Source of classification or shelving scheme Damaged status Not for loan Home library Current library Date acquired Total checkouts Full call number Barcode Date last seen Copy number Price effective from Koha item type
    Library of Congress Classification     Fayza Aboulnaga Central Library | مكتبة فايزة أبو النجا المركزية بالحرم الجامعي Fayza Aboulnaga Central Library | مكتبة فايزة أبو النجا المركزية بالحرم الجامعي 03/17/2025   AM7 .J36 2009 10015008 03/17/2025 C. 1 03/17/2025  

All Rights Reserved
Egypt-Japan University of Science and Technology (E-JUST) © 2026